Statistiken für Katzenarten bestimmen

Klicken Sie hier um das Quiz zu spielen!

Allgemein

  • Dieses Quiz wurde 66 mal gespielt
  • Das Durchschnittsergebnis liegt bei 10 aus 37

Antwortstatistiken

Antwort% Korrekt
Löwe
100%
Leopard
98%
Tiger
98%
Gepard
96%
Hauskatze
91%
Jaguar
87%
Puma
85%
Ozelot
58%
Schneeleopard
42%
Karakal
36%
Serval
35%
Sandkatze
27%
Nebelparder
25%
Europäische Wildkatze
24%
Eurasischer Luchs
18%
Manul
13%
Fischkatze
5%
Jaguarundi
5%
Rotluchs
5%
Asiatische Goldkatze
4%
Bengalkatze
4%
Kanadaluchs
4%
Margay
2%
Pardelluchs
2%
Rostkatze
2%
Schwarzfußkatze
2%
Andenkatze
0%
Chilenische Waldkatze
0%
Felis lybica
0%
Flachkopfkatze
0%
Graukatze
0%
Kleinfleckkatze
0%
Marmorkatze
0%
Nördliche Tigerkatze
0%
Rohrkatze
0%
Sundakatze
0%
Sunda-Nebelparder
0%

Verteilung der Resultate

Perzentil nach korrekt beantworteten Fragen

Anzahl Personen mit jedem Resultat

Ihre Resultats-Entwicklung

Sie haben dieses Quiz noch nicht gespielt